| 000 | 01859cam a2200313 i 4500 | ||
|---|---|---|---|
| 999 |
_c8832 _d8832 |
||
| 003 | OSt | ||
| 005 | 20210223164203.0 | ||
| 008 | 130422s2012 nyua b 001 0 eng | ||
| 010 | _a 2013474704 | ||
| 020 | _a9780815365617 | ||
| 040 |
_aDLC _beng _erda _cDLC |
||
| 042 | _apcc | ||
| 043 | _an-us--- | ||
| 082 |
_a696 _bTYM |
||
| 245 | 0 | 0 |
_a21st century defense strategy guidance and defense reduction considerations / _cBetsey J. Robertson and Barlow E. Morris, editors. |
| 246 | 3 | _aTwenty-first century defense strategy guidance and defense reduction considerations | |
| 300 |
_aix, 111 pages : _billustrations ; _c24 cm. |
||
| 490 | 0 | _aDefense, security and strategies | |
| 504 | _aIncludes bibliographical references and index. | ||
| 505 | 0 | _aIn brief: Assessing DOD's new strategic guidance / Catherine Dale and Pat Towell -- Remarks by President Obama on the Defense Strategic Review -- Statement on Defense Strategic Guidance as delivered by Secretary of Defense Leon E. Panetta, Press Briefing Room, the Pentagon, Washington, DC -- Sustaining US global leadership: priorities for 21st century defense / The Department of Defense -- Once again, the challenge to the US Army during a defense reduction : to remain a military profession / Don M. Snider -- A historical perspective on "hollow forces" / Andrew Feickert and Stephen Daggett -- Linking the readiness of the Armed Forces to DoD's operation and maintenance spending / Congressional Budget Office. | |
| 651 | 0 |
_aUnited States _xMilitary policy. |
|
| 651 | 0 |
_aUnited States _xDefenses. |
|
| 651 | 0 |
_aUnited States _xDefenses _xDecision making. |
|
| 651 | 0 |
_aUnited States _xArmed Forces _xOperational readiness. |
|
| 651 | 0 |
_aStrategy _zUnited States. |
|
| 700 | 1 |
_aRobertson, Betsey J., _eeditor of compilation. |
|
| 700 | 1 |
_aMorris, Barlow E., _eeditor of compilation. |
|
| 942 | _2ddc | ||